Sports Quiz

Random Sports or Basketball Quiz

NBA- Successful as Player and as Coach Quiz Stats

 Plays Quiz not verified by Sporcle

Score 0/26 Timer 06:00
0 Plays Today
Points Name % Correct
5428Phil Jackson
88.6%
17772Lenny Wilkens
69.8%
14522Bill Russell
69.1%
10890Don Nelson
65.1%
10571Jerry Sloan
52.3%
9377Doc Rivers
51.7%
5011K.C. Jones
49.7%
13383Rudy Tomjanovich
43.6%
15097Byron Scott
40.3%
12194Tommy Heinsohn
32.9%
6652Scott Skiles
30.9%
12809Paul Westphal
28.2%
12195Maurice Cheeks
27.5%
Points Name % Correct
11782Paul Silas
25.5%
7427Doug Collins
25.5%
13626Billy Cunningham
24.8%
12665Bill Sharman
22.1%
6161Doug Moe
16.1%
10068Gene Shue
11.4%
6328Al Attles
10.7%
7314Chris Ford
10.1%
8622Larry Costello
8.1%
6216Don Chaney
8.1%
14676Richie Guerin
4.7%
11575Kevin Loughery
4%
5760Paul Seymour
1.3%

You're not logged in!

Compare scores with friends on all Sporcle quizzes.
OR
Log In

Show Comments

Extras

Top Quizzes Today


Score Distribution

Your Account Isn't Verified!

In order to create a playlist on Sporcle, you need to verify the email address you used during registration. Go to your Sporcle Settings to finish the process.

Report this User

Report this user for behavior that violates our Community Guidelines.

Details: